| 000 | 00530nam a22001817a 4500 | ||
|---|---|---|---|
| 005 | 20231031070617.0 | ||
| 008 | 231031b |||||||| |||| 00| 0 eng d | ||
| 020 | _a0702129534 | ||
| 041 | _aEnglish | ||
| 082 | _a347.1 POL | ||
| 100 |
_aPistorius, D _lEnglish |
||
| 245 |
_aPollak on Jurisdiction / _cD Pistorius |
||
| 250 | _aSecond Edition | ||
| 260 |
_aCape Town : _bJuta and Company Ltd, _c1993 |
||
| 300 |
_bxxx, 201 pages ; _c26.5 cm. |
||
| 650 |
_alegal practice _bLaw |
||
| 942 |
_cBK _6ALISON_BN_VRIES |
||
| 999 |
_c161 _d161 |
||